Southville International School and Colleges
Your cart is empty.
  • Cart
  • Lists
    Public lists Eva Luna New books Lux_list list_1
    Your lists Log in to create your own lists
  • Log in to your account
  • Your cookies
  • Search history
Southville International School and Colleges
  • Advanced search
  • Recent comments
  • Most popular
  • Libraries

Log in to your account

Log in with GOOGLE


If you do not have an external account, but do have a local account, you can still log in:

  1. Home
  2. MARC view: Wolf's chicken stew (The) /
Normal view MARC view ISBD view

Wolf's chicken stew (The) / (Record no. 103943)

[ view plain ]
MARC details
000 -LEADER
fixed length control field 00575nam a2200181 a 4500
005 - DATE AND TIME OF LATEST TRANSACTION
control field 20140412111310.0
008 - FIXED-LENGTH DATA ELEMENTS--GENERAL INFORMATION
fixed length control field 010426s19uu xx 00 eng d
020 ## - INTERNATIONAL STANDARD BOOK NUMBER
International Standard Book Number 0-698-11374-8
050 ## - LIBRARY OF CONGRESS CALL NUMBER
Classification number TR(PS E
Item number Wo83 1987
100 ## - MAIN ENTRY--PERSONAL NAME
Personal name Kasza, Keiko
245 ## - TITLE STATEMENT
Title Wolf's chicken stew (The) /
Statement of responsibility, etc Keiko Kasza.
260 ## - PUBLICATION, DISTRIBUTION, ETC. (IMPRINT)
Place of publication, distribution, etc New York :
Name of publisher, distributor, etc The Putnam & Grosset Group,
Date of publication, distribution, etc 1987.
300 ## - PHYSICAL DESCRIPTION
Extent 1v. (unp.) ; ill.
520 ## - SUMMARY, ETC.
Summary, etc A hungry wolf's attempts to fatten a chicken for his stewpot have unexpected results.
650 ## - SUBJECT ADDED ENTRY--TOPICAL TERM
Topical term or geographic name as entry element Wolves-Fiction
650 ## - SUBJECT ADDED ENTRY--TOPICAL TERM
Topical term or geographic name as entry element Chicken-Fiction
Holdings
Withdrawn status Lost status Damaged status Home library Current library Shelving location Date acquired Source of acquisition Cost, normal purchase price Total Checkouts Full call number Barcode Date last seen Price effective from Koha item type
      Elizalde Library Elizalde Library Teachers Reference Section 04/26/2001   145.00   TR(PS E Wo83 1987 E6141 04/12/2014 04/12/2014 Books

Wolf's chicken stew (The) /

APA

Kasza K., . (1987). Wolf's chicken stew (The). New York: The Putnam & Grosset Group.

Chicago

Kasza Keiko, . 1987. Wolf's chicken stew (The). New York: The Putnam & Grosset Group.

Harvard

Kasza K., . (1987). Wolf's chicken stew (The). New York: The Putnam & Grosset Group.

MLA

Kasza Keiko, . Wolf's chicken stew (The). New York: The Putnam & Grosset Group. 1987.

  • Place hold
  • Print
  • Cite
  • Add to your cart (remove)
  • Save record
    BIBTEX Dublin Core MARCXML MARC (non-Unicode/MARC-8) MARC (Unicode/UTF-8) MARC (Unicode/UTF-8, Standard) MODS (XML) RIS
  • More searches
    Search for this title in:
    Other Libraries (WorldCat) Other Databases (Google Scholar) Online Stores (Bookfinder.com) Open Library (openlibrary.org)

Exporting to Dublin Core...

SOUTHVILLE LIBRARY

Southville International School and Colleges Library

1281 Tropical Ave. Cor. Luxembourg St., BF Homes International, Las Pinas City

Tel. No. 8256374 / 252358 Loc. 117/146

Powered by Koha